Les fondements de l'arithmétique: recherche logico-mathématique sur le concept de nombre

Đã lưu trong:
Chi tiết về thư mục
Tác giả chính: Frege, Gottlob (Tác giả)
Định dạng: Sách
Ngôn ngữ:Tiếng Pháp
Được phát hành: París Du Seuil 1969
Loạt:L'Ordre Philosophique
Những chủ đề:
Các nhãn: Thêm thẻ
Không có thẻ, Là người đầu tiên thẻ bản ghi này!

MARC

LEADER 00000nam a2200000 a 4500
001 UCZ4563
003 CL-VaPUC
008 951110e19690000FR |||||||||||||||||fre|d
082 0 4 |a 511.3  |b FRE  |2 21 
100 0 |a Frege, Gottlob  |e author  |9 348152 
245 1 4 |a Les fondements de l'arithmétique: recherche logico-mathématique sur le concept de nombre 
300 |a 232 p 
942 |c BK 
945 |d 19951110 00:00:00  |a cmena 
260 |a París  |b Du Seuil  |c 1969 
650 0 |a Lógica matemática   |9 262442 
650 0 |a Filosofía de las ciencias  |9 256466 
650 0 |a Aritmética   |9 270049 
650 0 |a Teoría del conocimiento   |9 255038 
583 |a last modification  |c 19951110 00:00:00  |k Rodrigo Vera 
490 0 |a L'Ordre Philosophique 
999 |c 240933  |d 240931 
952 |0 0  |1 0  |4 0  |6 511_300000000000000_FRE_1969  |7 0  |8 P  |9 253060  |a BIBEDU  |b BIBEDU  |c BIBEDU_PB  |d 2019-11-19  |i 1595903  |o 511.3 FRE 1969  |p 1595903  |r 2024-01-25  |w 2019-11-19  |y BK  |k FIL